000 00992cam a2200277 a 4500
001 1407518
003 NUST-PNEC
005 20170116180721.0
008 831214s1984 nyua be 001 0 eng
010 _a 83026794
020 _a0070454825
040 _cPNEC
050 0 0 _aQ121
_b.M29 1984
082 0 0 _a503.2103 PAR
100 _9836
_aParker, Sybil P.
245 0 0 _aMcGraw-Hill concise encyclopedia of science & technology /
_cSybil P. Parker, editor in chief.
260 _aNew York :
_bMcGraw-Hill,
_cc1984.
300 _alxxiv, 2065 p. :
_bill. ;
_c29 cm.
500 _aIncludes index. http://www.amazon.com/Mcgraw-Hill-Concise-Encyclopedia-Science/dp/B001K00NAG/ref=sr_1_2?s=books&ie=UTF8&qid=1414391622&sr=1-2&keywords=0070454825
504 _aBibliography: p. [1917]-1939.
650 0 _aScience
_xEncyclopedias.
_xGeneral
650 0 _aTechnology
_xEncyclopedias.
700 1 _aParker, Sybil P.
906 _a7
_bcbc
_corignew
_d1
_eocip
_f19
_gy-gencatlg
942 _2ddc
_cBK
999 _c61415
_d61415